000 00683nam a2200241Ia 4500
001 2003
003 GE_BSU
008 181216s||||||||xx |||||||||||||| ||und||
020 _a9785482016176
040 _cGE_BSU
080 _a347.965(470)(075.8)
245 _aАдвокатура в Россииской Федерации
245 _bУчебник
245 _cПод ред.А.В.Гриненко
250 _a3-е изд. доп. и перераб
260 _aМосква
260 _bПроспект
260 _c2008
300 _a224стр.
541 _h10л.
653 _aАдвокатура в Россииской Федерации
942 _cBK
999 _c36103
_d36103